000 00374nam a2200157Ia 4500
005 20240807062047.0
008 240806s9999||||xx |||||||||||||| ||eng||
041 _aeng
082 _a891.4309
_bKHAA
100 _aVishnu Khare
245 0 _aAlochana ki pahali kitab /
_cVishnu Khare
260 _bVani Prakashan New Delhi
300 _a200
650 _aHindi
942 _cBK
999 _c7194
_d7194